000 01543cam a22004814i 4500
003 PE-LiUPU
005 20250731172919.0
008 150617s r 000 0 d
020 _a0570064279
035 _a(Sirsi) i9780570064275
040 _aPE-LiUPU
_bspa
_cPE-LiUPU
_erda
049 _aPRUA
082 0 4 _a284.1
_bP39
_221
245 0 0 _aLuther's Works /
_ceditado por Jaroslav Pelikan.
264 1 _aSaint Louis :
_bConcordia Publishing House,
_c1964.
300 _a441 páginas ;
_c24 centímetros
336 _atext
_2rdacontent
337 _aunmediated
_2rdamedia
338 _avolume
_2rdacarrier
504 _anotas bibliográficas.
505 0 _aLectures on Galatians - 1535 -- Lectures on Galatians 1519.
526 _aSEG42
526 _aSEG41
526 _aSEG40
526 _aSEG39
526 _aP94
526 _aP87
526 _aP86
526 _aP85
526 _aP77
526 _aP76
526 _aP35
650 0 4 _aigleia luterana.
650 0 4 _aTeología
_xPrimeros trabajos hasta 1800.
700 1 _aPelikan, Jaroslav,
_eeditor.
910 _ajck
_bjvq
_cjck
_d20150616
942 _2ddc
_cBOOK
949 _a284.1 P39
_wDEWEY
_c1
_i10865
_lCCODEBUL1
_mBUL
_r0
_sY
_tBOOK
_u2015-6-17
_xTEOLOGIA
_PP35
_0COMPRA
_o.STAFF. Colección General
994 _aC0
_bPEPRU
596 _a1
999 _a284.1 P39
_wDEWEY
_c18782
_i10865
_f2021-11-11
_g5
_lCCODEBUL1
_mBUL
_r0
_sY
_tBOOK
_u2015-6-17
_xTEOLOGIA
_PP35
_0COMPRA
_o.STAFF. Colección General
_d18782
980 _81
_gALBERTO SANCHEZ Responsable de Automatización